<?xml version="1.0" encoding="UTF-8"?>
<record
    xmlns:xsi="http://www.w3.org/2001/XMLSchema-instance"
    xsi:schemaLocation="http://www.loc.gov/MARC21/slim http://www.loc.gov/standards/marcxml/schema/MARC21slim.xsd"
    xmlns="http://www.loc.gov/MARC21/slim">

  <leader>01270nam a2200229 i 4500</leader>
  <controlfield tag="001">185559</controlfield>
  <controlfield tag="003">ES-MaACL</controlfield>
  <controlfield tag="005">20250815032628.0</controlfield>
  <controlfield tag="008">160712s1868    po           |||| | por d</controlfield>
  <datafield tag="245" ind1="0" ind2="0">
    <subfield code="a">Subsidios para a historia da India portugueza / </subfield>
    <subfield code="c">publicados de ordem da Classe das Sciencias Moraes, Politicas e Bellas-lettras da Academia Real das Sciencias de Lisboa.</subfield>
  </datafield>
  <datafield tag="260" ind1=" " ind2=" ">
    <subfield code="a">Lisboa : </subfield>
    <subfield code="b">[s.n.], </subfield>
    <subfield code="c">1868 (</subfield>
    <subfield code="f">Typographia da Academia Real das Sciencias de Lisboa)</subfield>
  </datafield>
  <datafield tag="300" ind1=" " ind2=" ">
    <subfield code="a">1 v. (pag. var.) ; </subfield>
    <subfield code="c">28 cm.</subfield>
  </datafield>
  <datafield tag="490" ind1="1" ind2=" ">
    <subfield code="a">Collec&#xE7;ao de monumentos ineditos para a historia das conquistas dos portuguezes em Africa, Asia e America ; </subfield>
    <subfield code="v">t. 5. 1&#xAA; Serie. Historia de Asia</subfield>
  </datafield>
  <datafield tag="505" ind1="8" ind2=" ">
    <subfield code="a">Contiene: O livro dos pesos, medidas e moedas / por Antonio Nunes. O tombo do Estado da India /por Simao Botelho. Lembran&#xE7;as das cousas da India em 1525</subfield>
  </datafield>
  <datafield tag="651" ind1=" " ind2="4">
    <subfield code="a">Goa, Daman y Diu-</subfield>
    <subfield code="x">Historia.</subfield>
    <subfield code="9">165055</subfield>
  </datafield>
  <datafield tag="700" ind1="1" ind2=" ">
    <subfield code="a">Nunes, Antonio.</subfield>
    <subfield code="9">160138</subfield>
  </datafield>
  <datafield tag="700" ind1="1" ind2=" ">
    <subfield code="a">Botelho, Sim&#xE3;o.</subfield>
    <subfield code="9">160139</subfield>
  </datafield>
  <datafield tag="710" ind1="2" ind2=" ">
    <subfield code="a">Academia das Ci&#xEA;ncias de Lisboa.</subfield>
    <subfield code="9">1159</subfield>
  </datafield>
  <datafield tag="830" ind1="0" ind2="0">
    <subfield code="a">Collec&#xE7;ao de monumentos ineditos para a historia das conquistas dos portuguezes em Africa, Asia e America</subfield>
    <subfield code="v">t. 5. 1&#xAA; Serie. Historia de Asia</subfield>
    <subfield code="9">241782</subfield>
  </datafield>
  <datafield tag="852" ind1=" " ind2=" ">
    <subfield code="a">ES-MaACL</subfield>
    <subfield code="j">G-6761</subfield>
  </datafield>
  <datafield tag="999" ind1=" " ind2=" ">
    <subfield code="c">185559</subfield>
    <subfield code="d">185559</subfield>
  </datafield>
  <datafield tag="952" ind1=" " ind2=" ">
    <subfield code="0">0</subfield>
    <subfield code="1">0</subfield>
    <subfield code="4">0</subfield>
    <subfield code="7">0</subfield>
    <subfield code="8">LIBXIX</subfield>
    <subfield code="a">ATENEOM</subfield>
    <subfield code="b">ATENEOM</subfield>
    <subfield code="c">DEPO2</subfield>
    <subfield code="d">2016-07-12</subfield>
    <subfield code="e">SC</subfield>
    <subfield code="l">0</subfield>
    <subfield code="o">G-6761</subfield>
    <subfield code="p">1195574</subfield>
    <subfield code="r">2023-02-23 00:00:00</subfield>
    <subfield code="w">2023-02-23</subfield>
    <subfield code="y">MONANT</subfield>
  </datafield>
</record>
